Datum a čas kvízu
36
Celkem bodů
Celkový počet nahraných bodů na tomto kvízu bez doplňovacích otázek.
4.
Pořadí na kvízu
Konečné umístění týmu na tomto kvízu.
Zaznamenané odpovědi
| # | Otázka | Odpověď | Body | Výsledky |
|---|---|---|---|---|
| 1. | Minulou neděli dopoledne dosed... | 1 | ||
| 2. | Její královská Výsost vévodkyn... | 1 | ||
| 3. | Ve zlínském obchodním a zábavn... | 0 | ||
| 4. | Po deseti letech končí udílení... | 1 | ||
| 5. | Němečtí fotbalisté Mesut Özil... | 1 | ||
| 6. | Dědictví aneb Kurvahošigutntag... | 1 | ||
| 7. | Bohuš: "Není to ___, ten Kája?... | 1 | ||
| 8. | Kterou značku cigaret má Bohuš... | 1 | ||
| 9. | Kterou polévku si objednal prá... | 1 | ||
| 10. | Pták, kterého Bohuš koupil Ire... | 0 |